000 00262nam a22001217a 4500
008 181101b xxu||||| |||| 00| 0 eng d
041 _aeng
080 _a616.5
100 _a7
101 _aDER
245 _aNeonatal Dermatology
_cSolomon.E
942 _2udc
_cBK
999 _c51379
_d51379